[Event "Avoine op 20th"]
[Site "Avoine"]
[Date "2005.07.30"]
[Round "8"]
[White "Rasse, Charlotte"]
[Black "Alet, Jean Pierre"]
[Result "1/2-1/2"]
[WhiteElo "1961"]
[BlackElo "2221"]
[PlyCount "83"]
[EventDate "2005.07.23"]
[EventType "swiss"]
[EventRounds "9"]
[EventCountry "FRA"]
[SourceTitle "EXT 2007"]
[Source "ChessBase"]
[SourceDate "2006.11.23"]
[SourceVersion "1"]
[SourceVersionDate "2006.11.23"]
[SourceQuality "1"]

1. e4 Nf6 2. Nc3 d5 3. exd5 Nxd5 4. Bc4 Nb6 5. Bb3 Nc6 6. Nf3 g6 7. d3 Bg7 8. 0-0 0-0 9. Re1 h6 10. Bf4 a6 11. Qd2 Kh7 12. Re3 Na5 13. Rae1 Nxb3 14. axb3 Be6 15. Ne5 Nd7 16. Rg3 Nxe5 17. Bxe5 Bxe5 18. Rxe5 Qd4 19. Re4 Qg7 20. Qf4 Rac8 21. Re5 Rfd8 22. Ne4 Rd5 23. Rxd5 Bxd5 24. Nc3 e5 25. Qc1 Bc6 26. Re3 f6 27. Qe1 Rf8 28. Ne4 Qf7 29. Rh3 Kg7 30. Qd2 g5 31. Rg3 Rd8 32. Qe3 Qg6 33. Nc5 Qf5 34. h3 Kf7 35. Ne4 Bxe4 36. dxe4 Qd7 37. Qc3 Qe7 38. Rd3 Rd6 39. Kf1 Qd7 40. Ke2 h5 41. Qc4+ Kf8 42. Qb4 1/2-1/2